000 01197nam0a22002771 4500
001 rc\4489389
005 20130416172113.7
021 _aRU
_b[65-5660]
035 _a(NLR Aleph) 008607424
090 _a8742336
_c8742336
100 _a20130416d1964 |||y0rusy50 ca
101 0 _arus
102 _aRU
105 _ay z |||||
200 1 _aКоммунизм создается трудом миллионов
_e[Сборник статей
_fРед. коллегия: И.С. Кравченко и др.
_gАкад. наук БССР. Ин-т истории
210 _aМинск]
_cНаука и техника
_d[1964]
215 _a307 с.
_d21
606 _aБригады, ударники и коллективы коммунистического труда
_yБелорусская ССР
_2psbo
606 _aПартийные организации и их работа
_yБелорусская ССР
_2psbo
702 1 _aКравченко
_bИ. С.
_gИван Сергеевич
_4340
712 0 2 _aИнститут истории
_cМинск
_3RU\NLR\AUTH\8810028030
801 0 _aRU
_bNLR
_gpsbo
801 1 _aRU
_bELAR
_2rusmarc
852 _aNLR
_j65-3/609
942 _cBOOK
980 _aNB